Francisco Moreno en Patagonia norte /

Perito Moreno, cuando aún no era más que Francisco, atravesó la meseta patagónica remontando el río Chubut. Dio cuenta de la geografía y potencialidades de la estepa. Fue el primer hombre blanco en llegar al lago Nahuel Huapi desde el Atlántico.

Guardado en:
Autor Principal: Chiarelli, Pablo
Autor Corporativo: Canal Encuentro.
Formato: Deslizar
Publicado: Argentina, 2008
Series:Naturalistas viajeros
Materias:
Acceso en línea:https://www.educ.ar/recursos/101731/francisco-moreno-en-patagonia-norte
Etiquetas: Agregar Etiqueta
Sin Etiquetas, Sea el primero en etiquetar este registro!
LEADER 01287ngm a22003495g 4500
001 CEM.cems023736
008 130507s2008##################0###0#####d
005 20250630161438.0
245 1 0 |a Francisco Moreno en Patagonia norte /  |c Pablo Chiarelli. 
260 |a Argentina,  |c 2008 
300 |a 28'. 
490 0 |a Naturalistas viajeros 
520 |a Perito Moreno, cuando aún no era más que Francisco, atravesó la meseta patagónica remontando el río Chubut. Dio cuenta de la geografía y potencialidades de la estepa. Fue el primer hombre blanco en llegar al lago Nahuel Huapi desde el Atlántico. 
538 |a Soporte: DVD - Color: Si - Grabación DRD. 
500 |a Consultar en ventanilla. 
100 1 |a Chiarelli, Pablo 
710 2 |a Canal Encuentro. 
082 9 4 |/ CHI 
653 |a EXPLORADORES 
653 |a CIENCIAS NATURALES 
653 |a CIENTIFICOS 
653 |a CIENCIA 
653 |a NATURALISMO 
653 |a GEOLOGIA 
653 |a ARQUELOGIA 
653 |a PATAGONIA 
653 |a GEOGRAFIA ARGENTINA 
653 |a NAHUEL HUAPI 
653 |a PERITO MORENO 
653 |a SERIE DE TELEVISIÓN 
856 |u https://www.educ.ar/recursos/101731/francisco-moreno-en-patagonia-norte 
859 |a CEMS  |b BIB. CEMS - Depto. Recursos Didacticos  |h 940  |i CHI  |k DRD  |p 2379.15  |t Ej.1